| 000 | 00685nam a2200229 a 4500 | ||
|---|---|---|---|
| 001 | 57212 | ||
| 003 | BD-RjUL | ||
| 005 | 20211209080500.0 | ||
| 008 | 161207r19481913enk 000 0 eng d | ||
| 035 | _a(BD-RjUL)57336 | ||
| 040 |
_aAKU _cAKU _dEQO _beng |
||
| 041 | _aeng | ||
| 082 |
_223 _a220 _bMON 1948 |
||
| 090 |
_aBS195 _b.M5 1925 |
||
| 100 |
_aMoffatt, James _9169915 |
||
| 245 | 1 | 2 |
_aA new translation of the Bible : _bcontaining the Old and New Testaments / _cJames Moffatt |
| 260 |
_aLondon : _bHodder and Stoughton, _c1913 [Impression 1948] |
||
| 300 |
_a1416 p. in various pagings ; _c20 cm |
||
| 650 |
_aBible _9169916 |
||
| 700 | 1 |
_d1870-1944. _9169917 |
|
| 942 |
_2ddc _cBK |
||
| 999 |
_c57212 _d57212 |
||